000 00539nam a22001937a 4500
003 KOHA_MİRAKIL
005 20250416184905.0
008 250416b tu ||||| |||| 00| 0 tur d
020 _a9786052651407
040 _aTR-AnABB
_btur
_cTR-AnABB
041 _atur
082 _a828.3354
_bEGA 2023
100 1 _aEgan, Jennifer,
245 1 0 _aManhattan plajı /
_cJennıfer Egan
260 _aİstanbul :
_bİthaki Yayınları,
_c2023
300 _a511 sayfa ;
_c21 cm
650 0 4 _aAmerikan edebiyatı, roman
942 _2ddc
_cBK
999 _c8735
_d8735
900 _bGizem YORULMAZ